| 000 | 00477nam a2200145Ia 4500 | ||
|---|---|---|---|
| 008 | 210430s9999 xx 000 0 und d | ||
| 020 | _a084939564X (hardcover) | 97808 | ||
| 082 | _a621.381 F956 E | ||
| 100 |
_aFulay, Pradeep. _954309 |
||
| 245 |
_aElectronic, magnetic, and optical materials / _cFulay, Pradeep. |
||
| 260 |
_a[S.l.] : _bCRC Press, _c2010 |
||
| 300 | _a436 p. ; | ||
| 856 | _uhttp://www.amazon.com/exec/obidos/ASIN/084939564X/chopaconline | ||
| 942 |
_cBK _2ddc |
||
| 999 |
_c565322 _d565322 |
||